00871ny a22001933n 450000500170000000800410001702000180005803500090007604000170008508000280010210000240013024500760015425600240023026000290025450602800028365000350056374000390059885600400063720240305165311.0090127s2007 be a sb 000 0 fre c a9782930287881 a2458 aUMA.REdvLex a351.713(4-672UE)(0.034)1 aMercier, Stéphane13aLa législation comptableh[Recurso electrónico]cStéphane Mercier aServicio en línea aLiege : bEdipro, c20071 aContenido solo disponible en los productos indicadosdvLex GlobaldvLex Global (Academic Edition, excluding Law Schools)dvLex Global (U.S. Academic Edition, Law Schools)dvLex Global (U.S. Academic Edition, excluding Law Schools)dvLex Global (Academic Edition, Law Schools)04aContabilidadzUnión Europea 0 avLex Libros (Servicios en línea)40uhttps://app.vlex.com/#/sources/2458